Normale Ansicht MARC-Ansicht ISBD

Voprosy social'noj i ekonomičeskoj istorii Sibiri XVII-načala XX vv. : (Titelsatznr. 39338)

[ MARC ]
MARC-Details
000 -Satzkennung
Kontrollfeld mit fester Länge 00459nam a22001691c 4500
001 - Kontrollnummer
Kontrollfeld a987669092
008 - Feld mit fester Länge zur physischen Beschreibung - Allgemeine Angaben
Kontrollfeld mit fester Länge 120319s2002 gw |||| 000u rus d
041 ## - Sprachcode
Sprachcode des Textes/der Tonspur oder des separaten Titels rus
040 ## - Katalogisierungsquelle
Übertragungsstelle RU-10907106
003 - Kontrollnummer Identifier
Kontrollfeld RU-10907106
245 00 - Titel
Titel Voprosy social'noj i ekonomičeskoj istorii Sibiri XVII-načala XX vv. :
Zusatz zum Titel sbornik naučnych statej
264 ## - Produktion, Veröffentlichung, Distribution, Herstellung und Urheberrechtsvermerk
Herstellungs-, Veröffentlichungs- Vertriebs-, Erzeugungsort Omsk :
Produzent, Herausgeber, Distributor, Hersteller Izd. OmGPU,
Datum der Herstellung, der Veröffentlichung, des Vertriebs oder des Urheberschutzvermerks 2002
300 ## - Physische Beschreibung
Umfang 140 S.
651 #0 - Nebeneintragung unter einem Schlagwort - Geografischer Name
Geografischer Name Sibirien
655 #0 - Indexierungsterm - Genre/Form
Genre/Form oder fokussierter Term Aufsatzsammlung
942 ## - Zusätzliche Felder (Koha)
Koha-Medientyp Monographien
Exemplare
Ausgeschieden Verloren Klassifikation oder Aufstellungssystematik Beschädigt Nicht entleihbar Heimatbibliothek Aufenthaltsbibliothek Aufstellungsort Erwerbungsdatum Inventarnummer Signatur Barcode Letzte Aktivität Preis gültig von Koha-Medientyp
    Andere/Generische Klassifikation     MWN Osteuropa MWN Osteuropa Magazin - 2 19/03/2012 12-00557 R 50 o Sibir 57 E004015078FB7CD3 23/02/2021 22/03/2021 Monographien